00251nam a2200109Ia 4500008004100000020001800041082001500059100002400074245001100098260000900109500002300118260604s9999 xx 000 0 und d a9781071930663 a158.12 SCH aBennett l. schwartz 0aMemory bSAGE aPsychology, Memory